000 01232cam a22003377a 4500
003 CHAP
005 20220329140907.0
008 971013s1994 r 00010 d
010 _a59424
011 _a60396
035 _a64558
040 _cCHAP
082 _a633.68
_bW4
100 0 0 _aWigg, David.
_9121864
245 1 4 _aLos revolucionarios silenciosos
_b: una reseña de la campaña contra el hambre que llevan a cabo los científicos agrícolas (... y de cómo pudo ayudar un cultivo desdeñado : la mandioca)
260 _aWashington, D. C. :
_bBanco Mundial,
_c1994
300 _a52 p.
490 0 _aBanco Mundial. Ensayos sobre el desarrollo
_v; 2
590 _aBATCH-UPD
_b10
_c20130110
_lUCH01
_h0348
590 _aBATCH-UPD
_b10
_c20130110
_lUCH01
_h2054
590 _aBATCH-UPD
_b10
_c20130410
_lUCH01
_h0021
590 _aBATCH-UPD
_b10
_c20130914
_lUCH01
_h0530
590 _aCONVERSION
_b10
_c20130109
_lUCH01
_h1332
650 1 4 _aPlantas comestibles.
_988906
650 1 4 _aYuca.
_9123269
650 1 4 _aYuca
_xInvestigación.
_9123288
830 0 _aBanco Mundial. Ensayos sobre el desarrollo
_v; 2
_99855
901 _aBK
942 _cLIBRO
949 _a633.68 W4
_bBC
_cLIBRO
_d33724000083259
_eLIBRO
_h90117
_i64558
_mD
_si
999 _c59424
_d59424